Expert Committee on Compensation and Betterment / (Record no. 9902)
[ view plain ]
| 000 -LEADER | |
|---|---|
| fixed length control field | 00905cam a2200265 a 4500 |
| 001 - CONTROL NUMBER | |
| control field | 9902 |
| 003 - CONTROL NUMBER IDENTIFIER | |
| rucl marc code | BD-RjUL |
| 005 - DATE AND TIME OF LATEST TRANSACTION | |
| control field | 20211208234848.0 |
| 008 - FIXED-LENGTH DATA ELEMENTS--GENERAL INFORMATION | |
| fixed length control field | 140122r19531942enk f000 0 eng d |
| 035 ## - SYSTEM CONTROL NUMBER | |
| System control number | OCLC 25336982 from vjlo62 |
| -- | (BD-RjUL)9947 |
| 040 ## - CATALOGING SOURCE | |
| Original cataloging agency | BUQ |
| Transcribing agency | BUQ |
| Modifying agency | EQO |
| -- | BD-RjUL |
| Language of cataloging | eng |
| 041 ## - LANGUAGE CODE | |
| Language code of text/sound track or separate title | eng |
| 082 ## - DEWEY DECIMAL CLASSIFICATION NUMBER | |
| Classification number | 940.53144 |
| Author mark and year | EXP 1953 |
| 110 1# - MAIN ENTRY--CORPORATE NAME | |
| Corporate name or jurisdiction name as entry element | Great Britain. |
| Subordinate unit | Ministry of Works and Planning. |
| 9 (RLIN) | 30591 |
| 245 10 - TITLE STATEMENT | |
| Title | Expert Committee on Compensation and Betterment / |
| Name of part/section of a work | Final report, 1942 / |
| Statement of responsibility, etc. | [Chairman: Sir A.A. Uthwatt] |
| 260 ## - PUBLICATION, DISTRIBUTION, ETC. (IMPRINT) | |
| Place of publication, distribution, etc. | London : |
| Name of publisher, distributor, etc. | H.M.S.O, |
| Date of publication, distribution, etc. | 1942 [reprinted 1953] |
| 300 ## - PHYSICAL DESCRIPTION | |
| Pagination | vi, 180 p. ; |
| Size | 24 cm |
| 490 1# - SERIES STATEMENT | |
| Series statement | Cmd. ; |
| Volume/sequential designation | 6386 |
| 650 #0 - SUBJECT ADDED ENTRY--TOPICAL TERM | |
| Topical term or geographic name as entry element | Reconstruction (1939-1951) |
| Geographic subdivision | Great Britain |
| 9 (RLIN) | 11802 |
| 700 1# - ADDED ENTRY--PERSONAL NAME | |
| Personal name | Uthwatt, Augustus Andrewes, |
| 830 #0 - SERIES ADDED ENTRY--UNIFORM TITLE | |
| Volume number/sequential designation | 6386 |
| 830 #0 - SERIES ADDED ENTRY--UNIFORM TITLE | |
| Uniform title | Cmd. (Great Britain. Parliament) ; |
| 942 ## - ADDED ENTRY ELEMENTS (KOHA) | |
| Source of classification or shelving scheme | Dewey Decimal Classification |
| Koha item type | Books |
| Lost status | Source of classification or shelving scheme | Damaged status | Not for loan | Collection code | Permanent Location | Current Location | Shelving location | Date acquired | Source of acquisition | Cost, normal purchase price | Total Checkouts | Full call number | Date last seen | Copy number | Koha item type |
|---|---|---|---|---|---|---|---|---|---|---|---|---|---|---|---|
| Dewey Decimal Classification | Not For Loan | Non-fiction | Central Library, University of Rajshahi | Central Library, University of Rajshahi | Reading Room | 10/12/1957 | PUB-UNITED | 3.11 | 940.53144 EXP 1953 | 22/01/2014 | C-1 | Books |